000
00298nam a22001337a 4500
008
170728b xxu||||| |||| 00| 0 eng d
020
_a
9781578701681
041
_a
eng
080
_a
004
100
_a
31
101
_a
SHKI
245
_a
VOICE OVER IP FUNDAMENTALS
_c
DAVIDSON, J
942
_2
udc
_c
BK
999
_c
22144
_d
22144